| 000 | 00000nam 2200000zi 4500 |
| 001 | 9.697075 |
| 003 | CaOODSP |
| 005 | 20231227140524 |
| 006 | m o d f |
| 007 | cr ||||||||||| |
| 008 | 150407t19921992onca||||o f001 0 eng d |
| 040 | |aCaOODSP|beng|erda|cCaOODSP |
| 043 | |an-cn--- |
| 086 | 1 |aCS92-301/1992E-PDF |
| 245 | 00|a1991 Census dictionary / |cStatistics Canada. |
| 246 | 3 |aCensus dictionary |
| 246 | 3 |a91 census |
| 264 | 1|aOttawa : |bStatistics Canada, |cJanuary 1992. |
| 264 | 4|c©1992 |
| 300 | |a1 online resource (362 pages) : |billustrations |
| 336 | |atext|btxt|2rdacontent |
| 337 | |acomputer|bc|2rdamedia |
| 338 | |aonline resource|bcr|2rdacarrier |
| 500 | |aHistorical census publication digitized by Statistics Canada. |
| 500 | |aCover title : 91 census. |
| 500 | |a"Reference" --cover. |
| 500 | |a"Catalogue 92-301E." |
| 500 | |aIssued also in French under title: Dictionnaire du recensement de 1991. |
| 590 | |a13-04-Supp|b2013-02-13 |
| 651 | 0|aCanada|xCensus, 1991|vHandbooks, manuals, etc. |
| 651 | 0|aCanada |xCensus, 1991 |xMethodology. |
| 655 | 7|aHandbooks and manuals|2lcgft |
| 710 | 2 |aStatistics Canada, |eissuing body. |
| 775 | 08|tDictionnaire du recensement de 1991 |w(CaOODSP)9.641142 |
| 856 | 40|ahttp://publications.gc.ca|qPDF|s12.95 MB|uhttps://publications.gc.ca/collections/collection_2012/statcan/rh-hc/CS92-301-1992-eng.pdf |